| 000 | 00437nam a2200181Ia 4500 | ||
|---|---|---|---|
| 008 | 230711s9999||||xx |||||||||||||| ||und|| | ||
| 020 | _a978-94-015-7102 | ||
| 041 | _aENG | ||
| 082 |
_a547 _bAH-N |
||
| 100 | _aAhluwalia,V.K | ||
| 245 | 0 | _aNew Trends in Green Chemistry | |
| 250 | _a1st Reprint Ed. | ||
| 260 |
_c2004 _aNew Delhi _bAnamaya Publishers |
||
| 300 | _a263p. | ||
| 650 | _aChemistry | ||
| 700 | _aKidwai, M | ||
| 942 | _cBK | ||
| 999 |
_c6912 _d6912 |
||